[Event "Antwerp World Uni op (Women)"]
[Site "Antwerp"]
[Date "2022.09.13"]
[Round "3"]
[White "Weis, Olga"]
[Black "Paktinat, Zhina"]
[Result "1-0"]
[WhiteElo "2039"]
[BlackElo "1888"]
[PlyCount "121"]
[EventDate "2022.09.12"]
[EventType "swiss"]
[EventRounds "9"]
[EventCountry "BEL"]
[SourceTitle "CBM 210 Extra"]
[Source "ChessBase"]
[SourceDate "2022.11.30"]
[SourceVersion "1"]
[SourceVersionDate "2022.11.30"]
[SourceQuality "1"]

1. d4 Nf6 2. c4 e6 3. Nc3 Bb4 4. Qc2 d5 5. a3 Bxc3+ 6. Qxc3 b6 7. Bg5 0-0 8. e3 Nbd7 9. Nf3 c5 10. cxd5 exd5 11. Bb5 Qc7 12. Bf4 Qb7 13. Qc2 a6 14. Bd3 Ne4 15. 0-0 Re8 16. Nh4 Nf8 17. f3 Nf6 18. Bg5 c4 19. Bf5 Qc6 20. Bxc8 Raxc8 21. Nf5 Ng6 22. Rae1 h6 23. Bh4 Nxh4 24. Nxh4 c3 25. Nf5 cxb2 26. Qxb2 Qc2 27. Qb1 Rc6 28. g4 Qxb1 29. Rxb1 g6 30. Nxh6+ Kg7 31. g5 Rxe3 32. Nxf7 Kxf7 33. gxf6 Rxf6 34. a4 Rd3 35. Rbd1 Rxd1 36. Rxd1 Rxf3 37. Rb1 Rf6 38. Kg2 Ke7 39. Kg3 Kd7 40. Kg4 Kc6 41. Kg5 Re6 42. Rc1+ Kb7 43. Rf1 b5 44. a5 Kc6 45. Rf8 Kc7 46. Rf7+ Kc8 47. h4 b4 48. Rf3 Re4 49. Rf6 Rxd4 50. Rxa6 b3 51. Rb6 Ra4 52. Rxb3 Rxa5 53. Kxg6 Kd7 54. h5 Ra1 55. Rg3 Ke8 56. Kg7 Rf1 57. h6 Rf7+ 58. Kg6 Kf8 59. Ra3 Rf1 60. Ra8+ Ke7 61. h7 1-0

[Event "Antwerp World Uni op (Women)"]
[Site "Antwerp"]
[Date "2022.09.12"]
[Round "2"]
[White "Ahereza, Joan"]
[Black "Weis, Olga"]
[Result "1/2-1/2"]
[WhiteElo "1459"]
[BlackElo "2039"]
[PlyCount "138"]
[EventDate "2022.09.12"]
[EventType "swiss"]
[EventRounds "9"]
[EventCountry "BEL"]
[SourceTitle "CBM 210 Extra"]
[Source "ChessBase"]
[SourceDate "2022.11.30"]
[SourceVersion "1"]
[SourceVersionDate "2022.11.30"]
[SourceQuality "1"]

1. d4 d5 2. c4 e6 3. Nc3 Nf6 4. Bg5 Be7 5. Nf3 0-0 6. e3 Nbd7 7. cxd5 exd5 8. Bd3 b6 9. 0-0 Bb7 10. Rc1 c5 11. a3 Ne4 12. Bf4 Rc8 13. Ne5 Nxe5 14. Bxe5 cxd4 15. exd4 Bg5 16. Rc2 f5 17. Ne2 f4 18. f3 Nd6 19. Qd2 Nc4 20. Bxc4 dxc4 21. Nxf4 Rf5 22. h4 Bxf4 23. Bxf4 Qxh4 24. Be5 Rh5 25. Qf4 Qe7 26. Qe3 Rc6 27. g4 Rh3 28. Rh2 Rxh2 29. Kxh2 Qh4+ 30. Kg2 Rg6 31. Bg3 Qd8 32. Kf2 Rf6 33. Ke2 Qd5 34. g5 Re6 35. Be5 c3 36. Rb1 c2 37. Rc1 Qb5+ 38. Qd3 Bxf3+ 39. Ke3 Qxd3+ 40. Kxd3 Bd1 41. Ke4 Kf7 42. Kf5 Rc6 43. d5 Rc4 44. Bb8 Bf3 45. Ke5 Rc5 46. Kf4 Bxd5 47. Bxa7 Rc6 48. Bxb6 Rxb6 49. Rxc2 Rc6 50. Rh2 Rc4+ 51. Ke5 Be4 52. b4 Bd3 53. Rb2 Rg4 54. a4 Rxg5+ 55. Kd6 Rg4 56. a5 Rg6+ 57. Kc7 Bb5 58. Rf2+ Ke8 59. Rf5 Bd3 60. Re5+ Kf7 61. b5 Rg1 62. Rc5 Ra1 63. Kb6 h6 64. a6 g5 65. Kb7 Be4+ 66. Rc6 Rb1 67. Kb6 Bd3 68. Rc5 Be4 69. Rc6 Bd3 1/2-1/2

[Event "EU-ch U18 Girls 27th"]
[Site "Mamaia"]
[Date "2017.09.11"]
[Round "6"]
[White "Sieber, Fiona"]
[Black "Weis, Olga"]
[Result "1/2-1/2"]
[WhiteElo "2248"]
[BlackElo "2005"]
[PlyCount "93"]
[EventDate "2017.09.05"]
[EventType "swiss"]
[EventRounds "9"]
[EventCountry "ROU"]
[SourceTitle "CBM 180 Extra"]
[Source "ChessBase"]
[SourceDate "2017.10.06"]
[SourceVersion "1"]
[SourceVersionDate "2017.10.06"]
[SourceQuality "1"]

1. e4 c5 2. Nf3 e6 3. d4 cxd4 4. Nxd4 Nf6 5. Nc3 Nc6 6. Ndb5 Bc5 7. Bf4 e5 8. Bg5 0-0 9. Bxf6 Qxf6 10. Qd2 d6 11. Nc7 Rb8 12. N7d5 Qh4 13. g3 Qh5 14. Be2 Bg4 15. Bxg4 Qxg4 16. Qe2 Qe6 17. 0-0-0 Nd4 18. Qd3 f5 19. Rhf1 fxe4 20. Qxe4 Nf3 21. Nf4 Qh6 22. Qxf3 exf4 23. g4 b6 24. Nd5 a5 25. h4 Rbe8 26. g5 Qxh4 27. Nc7 Re5 28. Rd5 Rff5 29. Rxe5 Rxe5 30. Qa8+ Kf7 31. g6+ hxg6 32. Nd5 Qg5 33. Qb7+ Ke6 34. c4 f3+ 35. Kb1 Qf5+ 36. Ka1 Qf8 37. Nc7+ Kd7 38. Nd5+ Ke8 39. Rh1 Bxf2 40. a3 Re1+ 41. Rxe1+ Bxe1 42. Qc8+ Kf7 43. Qd7+ Kg8 44. Ne7+ Kf7 45. Nd5+ Kg8 46. Ne7+ Kf7 47. Nd5+ 1/2-1/2

[Event "EU-ch U18 Girls 27th"]
[Site "Mamaia"]
[Date "2017.09.08"]
[Round "4"]
[White "Weis, Olga"]
[Black "Semonaviciute, Agne"]
[Result "1/2-1/2"]
[WhiteElo "2005"]
[BlackElo "1854"]
[PlyCount "145"]
[EventDate "2017.09.05"]
[EventType "swiss"]
[EventRounds "9"]
[EventCountry "ROU"]
[SourceTitle "CBM 180 Extra"]
[Source "ChessBase"]
[SourceDate "2017.10.06"]
[SourceVersion "1"]
[SourceVersionDate "2017.10.06"]
[SourceQuality "1"]

1. d4 d5 2. c4 dxc4 3. e3 e6 4. Bxc4 a6 5. Nf3 Nf6 6. 0-0 b5 7. Bd3 Bb7 8. a4 b4 9. Nbd2 Be7 10. Qc2 Nbd7 11. Nb3 c5 12. dxc5 Rc8 13. Qe2 a5 14. Bb5 0-0 15. Rd1 Qc7 16. c6 Bxc6 17. Bxc6 Qxc6 18. Nxa5 Qe4 19. Rd4 Qf5 20. Nc4 e5 21. Rd1 Ne4 22. Nfd2 Ndc5 23. Nxe4 Nxe4 24. f3 Nc5 25. e4 Qe6 26. Rd5 Nb3 27. Rb1 Qa6 28. Rb5 Nd4 29. Qf1 Nxb5 30. axb5 Qxb5 31. b3 Ra8 32. Be3 Bc5 33. Qf2 Bxe3 34. Qxe3 Rfd8 35. Nb6 Ra2 36. Nd5 Re2 37. Qg5 Ra8 38. Rc1 Qa6 39. h3 f6 40. Qg4 h5 41. Qg6 Qa7+ 42. Kh2 Qf7 43. Qf5 g6 44. Nxf6+ Kg7 45. Qxe5 Ra5 46. Qxa5 Qxf6 47. Qc7+ Kh6 48. Qg3 Rxg2+ 49. Kxg2 Qb2+ 50. Qf2 Qxc1 51. f4 Qb1 52. Qf3 h4 53. Qe2 Qc1 54. Qf2 Kg7 55. Qd4+ Kh7 56. Qxb4 Qxf4 57. Qe1 g5 58. e5 Qf7 59. Qe4+ Kg7 60. e6 Qe7 61. Qe5+ Kg6 62. Kh2 Qb4 63. e7 Qd2+ 64. Kg1 Qd1+ 65. Kf2 Qc2+ 66. Qe2 Qf5+ 67. Ke1 Qb1+ 68. Kf2 Qf5+ 69. Kg2 Qd5+ 70. Kh2 Qd6+ 71. Kg2 Qd5+ 72. Kf1 Qf5+ 73. Kg2 1/2-1/2

[Event "GER-ch U18 Girls"]
[Site "Willingen"]
[Date "2017.06.06"]
[Round "5"]
[White "Rogozenco, Teodora Nana"]
[Black "Weis, Olga"]
[Result "1-0"]
[WhiteElo "2068"]
[BlackElo "1869"]
[PlyCount "77"]
[EventDate "2017.06.04"]
[EventType "swiss"]
[EventRounds "9"]
[EventCountry "GER"]
[SourceTitle "CBM 178 Extra"]
[Source "ChessBase"]
[SourceDate "2017.06.22"]
[SourceVersion "1"]
[SourceVersionDate "2017.06.22"]
[SourceQuality "1"]

1. d4 d5 2. c4 e6 3. Nc3 Nf6 4. cxd5 exd5 5. Bg5 c6 6. Qc2 Be7 7. e3 Nbd7 8. Bd3 Nh5 9. Bxe7 Qxe7 10. 0-0-0 g6 11. g4 Ng7 12. h3 Nb6 13. Kb1 Be6 14. Nf3 0-0-0 15. Rc1 Kb8 16. Na4 Nxa4 17. Qxa4 Ne8 18. Rc3 Nd6 19. Rhc1 f6 20. Nd2 Bd7 21. Qa5 Be8 22. Nb3 b6 23. Qa6 Qb7 24. Qa3 Qe7 25. Na1 Nc8 26. Qb3 Ka8 27. Nc2 c5 28. dxc5 bxc5 29. Bf1 c4 30. Rxc4 Nb6 31. Rd4 Bc6 32. Bg2 Rd6 33. Nb4 Qd7 34. Rxc6 Rxc6 35. Nxc6 Qxc6 36. Bxd5 Nxd5 37. Qxd5 Qxd5 38. Rxd5 Kb7 39. Rd6 1-0

[Event "EU-ch U18 Girls 26th"]
[Site "Prague"]
[Date "2016.08.27"]
[Round "9"]
[White "Weis, Olga"]
[Black "Gur, Tuba"]
[Result "1-0"]
[WhiteElo "1895"]
[BlackElo "1717"]
[PlyCount "55"]
[EventDate "2016.08.18"]
[EventType "swiss"]
[EventRounds "9"]
[EventCountry "CZE"]
[SourceTitle "CBM 174 Extra"]
[Source "ChessBase"]
[SourceDate "2016.10.10"]
[SourceVersion "1"]
[SourceVersionDate "2016.10.10"]
[SourceQuality "1"]

1. d4 d5 2. c4 e6 3. Nc3 Nf6 4. cxd5 exd5 5. Bg5 Be7 6. e3 h6 7. Bh4 Bf5 8. Bxf6 Bxf6 9. Qb3 Be6 10. Qxb7 Nd7 11. Nxd5 Rb8 12. Nxc7+ Ke7 13. Qxa7 Kf8 14. Nxe6+ fxe6 15. Nf3 Be7 16. a3 Ra8 17. Qb7 Qa5+ 18. Nd2 Nf6 19. Qb5 Qc7 20. Bd3 Kf7 21. 0-0 Rhb8 22. Qc4 Qa5 23. b4 Qh5 24. Nf3 Rc8 25. Ne5+ Qxe5 26. dxe5 Rxc4 27. exf6 Rc3 28. Be4 1-0

[Event "EU-ch U18 Girls 26th"]
[Site "Prague"]
[Date "2016.08.20"]
[Round "3"]
[White "Vangsgaard, Freja"]
[Black "Weis, Olga"]
[Result "1-0"]
[WhiteElo "2129"]
[BlackElo "1895"]
[PlyCount "45"]
[EventDate "2016.08.18"]
[EventType "swiss"]
[EventRounds "9"]
[EventCountry "CZE"]
[SourceTitle "CBM 174 Extra"]
[Source "ChessBase"]
[SourceDate "2016.10.10"]
[SourceVersion "1"]
[SourceVersionDate "2016.10.10"]
[SourceQuality "1"]

1. d4 Nf6 2. c4 c5 3. d5 b5 4. cxb5 a6 5. bxa6 g6 6. Nf3 Bg7 7. g3 0-0 8. Nc3 Bxa6 9. Rb1 e6 10. d6 Qa5 11. Bd2 Qb6 12. Bf4 Nh5 13. Be5 f6 14. g4 fxe5 15. gxh5 gxh5 16. Ng5 h6 17. Nge4 Nc6 18. e3 Bxf1 19. Rxf1 h4 20. Rg1 Kh8 21. Qg4 Rg8 22. Qg6 Qd8 23. Ng5 1-0

[Event "EU-ch U18 Girls 26th"]
[Site "Prague"]
[Date "2016.08.18"]
[Round "1"]
[White "Weis, Olga"]
[Black "Diakonova, Ekaterina"]
[Result "0-1"]
[WhiteElo "1895"]
[BlackElo "2172"]
[PlyCount "106"]
[EventDate "2016.08.18"]
[EventType "swiss"]
[EventRounds "9"]
[EventCountry "CZE"]
[SourceTitle "CBM 174 Extra"]
[Source "ChessBase"]
[SourceDate "2016.10.10"]
[SourceVersion "1"]
[SourceVersionDate "2016.10.10"]
[SourceQuality "1"]

1. e4 c6 2. d4 d5 3. e5 Bf5 4. Nf3 e6 5. a3 Nd7 6. Nbd2 Ne7 7. Nh4 c5 8. c3 Bg6 9. Bb5 Nc6 10. Nxg6 hxg6 11. Nf3 Qb6 12. Ba4 Qa6 13. Be3 Rc8 14. Bc2 Be7 15. Bd3 c4 16. Bc2 b5 17. Bg5 Qb7 18. Bxe7 Nxe7 19. Ng5 Nf5 20. Qf3 Nb6 21. 0-0 Qe7 22. Nh3 Qh4 23. Bxf5 gxf5 24. Qf4 Qxf4 25. Nxf4 Kd7 26. Rab1 Na4 27. Rfc1 Rc7 28. g3 g5 29. Ng2 Rb7 30. Ne1 a5 31. Nc2 Nb6 32. Na1 Nc8 33. b3 Ne7 34. bxc4 dxc4 35. Nc2 Nd5 36. Ne3 Nxe3 37. fxe3 Rhb8 38. Rc2 g4 39. Rcb2 Kc6 40. Kf2 Kd5 41. Ke2 Ke4 42. Kd2 Rh8 43. Rh1 Rh3 44. Rbb1 Rb8 45. Rbf1 Rbh8 46. Rf2 Rxg3 47. hxg3 Rxh1 48. Rf4+ Kd5 49. e4+ fxe4 50. Rxg4 Rh2+ 51. Kd1 b4 52. axb4 axb4 53. cxb4 Kxd4 0-1

[Event "EU-chT U18 Girls"]
[Site "Celje"]
[Date "2016.07.16"]
[Round "7.1"]
[White "Weis, Olga"]
[Black "Lahav, Michal"]
[Result "0-1"]
[WhiteElo "1955"]
[BlackElo "2107"]
[PlyCount "58"]
[EventDate "2016.07.10"]
[EventType "team-swiss"]
[EventRounds "7"]
[EventCountry "SLO"]
[SourceTitle "CBM 173 Extra"]
[Source "ChessBase"]
[SourceDate "2016.08.29"]
[SourceVersion "1"]
[SourceVersionDate "2016.08.29"]
[SourceQuality "1"]
[WhiteTeam "Germany U18 Girls"]
[BlackTeam "Israel U18 Girls"]
[WhiteTeamCountry "GER"]
[BlackTeamCountry "ISR"]

1. e4 e6 2. d4 d5 3. exd5 exd5 4. Nf3 Bd6 5. Bd3 Ne7 6. c3 Bg4 7. h3 Bh5 8. Nbd2 Nbc6 9. 0-0 Qd7 10. Re1 f6 11. Qc2 0-0-0 12. b4 g5 13. Qa4 g4 14. b5 gxf3 15. bxc6 Nxc6 16. Qc2 Ne7 17. Re3 Rhg8 18. Rxf3 Bxf3 19. Nxf3 Qxh3 20. Ne1 Qh2+ 21. Kf1 Qh1+ 22. Ke2 Qh5+ 23. Kf1 Rde8 24. Rb1 Qh1+ 25. Ke2 Nf5+ 26. Be3 Nxe3 27. fxe3 Bf4 28. Bf5+ Kd8 29. e4 Rxg2+ 0-1

[Event "EU-chT U18 Girls"]
[Site "Celje"]
[Date "2016.07.13"]
[Round "4.1"]
[White "Weis, Olga"]
[Black "Arda, Cagil Irmak"]
[Result "0-1"]
[WhiteElo "1955"]
[BlackElo "2076"]
[PlyCount "68"]
[EventDate "2016.07.10"]
[EventType "team-swiss"]
[EventRounds "7"]
[EventCountry "SLO"]
[SourceTitle "CBM 173 Extra"]
[Source "ChessBase"]
[SourceDate "2016.08.29"]
[SourceVersion "1"]
[SourceVersionDate "2016.08.29"]
[SourceQuality "1"]
[WhiteTeam "Germany U18 Girls"]
[BlackTeam "Turkey U18 Girls"]
[WhiteTeamCountry "GER"]
[BlackTeamCountry "TUR"]

1. e4 g6 2. d4 Bg7 3. Nc3 d6 4. Nge2 Nf6 5. h3 Nbd7 6. g4 h6 7. Bg2 Rb8 8. a4 c5 9. Be3 b6 10. 0-0 0-0 11. Qd2 Kh7 12. f4 cxd4 13. Nxd4 Bb7 14. Nb3 Qc8 15. Qe2 a6 16. Rab1 b5 17. axb5 axb5 18. Nd5 e6 19. Nxf6+ Nxf6 20. Bd4 Qc4 21. Qxc4 bxc4 22. Nd2 Rfc8 23. Bc3 Nd7 24. Rf3 d5 25. Bxg7 Kxg7 26. exd5 exd5 27. Ra3 d4 28. Bxb7 Rxb7 29. Nf3 d3 30. cxd3 c3 31. b4 c2 32. Rc1 Rxb4 33. Ra2 Rb1 34. Ra1 Rxa1 0-1

[Event "Stuttgart-chA int"]
[Site "Ditzingen"]
[Date "2016.05.06"]
[Round "4"]
[White "Wirth, Steffen"]
[Black "Weis, Olga"]
[Result "1/2-1/2"]
[WhiteElo "2001"]
[BlackElo "1902"]
[PlyCount "79"]
[EventDate "2016.05.05"]
[EventType "swiss"]
[EventRounds "7"]
[EventCountry "GER"]
[SourceTitle "EXT 2018"]
[Source "ChessBase"]
[SourceDate "2017.10.13"]
[SourceVersion "1"]
[SourceVersionDate "2017.10.13"]
[SourceQuality "1"]

1. d4 Nf6 2. Nf3 c5 3. c3 b6 4. e3 g6 5. Bd3 Bg7 6. 0-0 0-0 7. Qe2 d5 8. Nbd2 Bb7 9. dxc5 bxc5 10. e4 d4 11. e5 Nd5 12. Ne4 dxc3 13. bxc3 Nd7 14. Rb1 Bc6 15. e6 f5 16. exd7 fxe4 17. Qxe4 Qxd7 18. Ne5 Bxe5 19. Qxe5 Qd6 20. Re1 Qf6 21. Bh6 Qxe5 22. Rxe5 Rfd8 23. Bc4 Kh8 24. Bg5 Rd7 25. Rbe1 Re8 26. h4 Kg7 27. Bxd5 Bxd5 28. Rxe7+ Rdxe7 29. Rxe7+ Rxe7 30. Bxe7 Bxa2 31. Bxc5 a5 32. Kf1 Kf6 33. Ke2 Ke5 34. Kd2 Bd5 35. Bb6 a4 36. Ba5 Bb3 37. Kc1 a3 38. Bb4 a2 39. Kb2 Bc4 40. Ba5 1/2-1/2

[Event "EU-ch U16 Girls 25th"]
[Site "Porec"]
[Date "2015.09.23"]
[Round "3"]
[White "Temel, Burcu Melis"]
[Black "Weis, Olga"]
[Result "1-0"]
[WhiteElo "1851"]
[BlackElo "1949"]
[PlyCount "41"]
[EventDate "2015.09.21"]
[EventType "swiss"]
[EventRounds "9"]
[EventCountry "CRO"]
[SourceTitle "EXT 2016"]
[Source "ChessBase"]
[SourceDate "2015.10.08"]
[SourceVersion "1"]
[SourceVersionDate "2015.10.08"]
[SourceQuality "1"]

1. e4 c5 2. Nf3 e6 3. d4 cxd4 4. Nxd4 a6 5. Nc3 Qc7 6. Bd3 Nf6 7. 0-0 b5 8. Re1 d6 9. a4 b4 10. Na2 Bb7 11. Bd2 d5 12. exd5 Nxd5 13. Qh5 g6 14. Nxe6 fxe6 15. Rxe6+ Be7 16. Bxg6+ Kd8 17. Rae1 Nd7 18. Bxb4 Nxb4 19. Rxe7 Qd6 20. Qa5+ Kc8 21. Re8+ 1-0

[Event "GER-chT U20"]
[Site "Naumburg Saale"]
[Date "2014.12.27"]
[Round "2.5"]
[White "Abrahamyan, Arsen"]
[Black "Weis, Olga"]
[Result "1-0"]
[WhiteElo "1694"]
[BlackElo "1763"]
[PlyCount "101"]
[EventDate "2014.12.27"]
[EventType "team-swiss"]
[EventRounds "7"]
[EventCountry "GER"]
[SourceTitle "EXT 2016"]
[Source "ChessBase"]
[SourceDate "2015.10.08"]
[SourceVersion "1"]
[SourceVersionDate "2015.10.08"]
[SourceQuality "1"]
[WhiteTeam "Frankfurt TV"]
[BlackTeam "Baden-Baden"]
[WhiteTeamCountry "GER"]
[BlackTeamCountry "GER"]

1. e4 c5 2. Nc3 e6 3. f4 a6 4. Nf3 Qc7 5. d3 d6 6. Be2 Nf6 7. 0-0 Nbd7 8. h3 Be7 9. Qe1 0-0 10. Nh4 b5 11. g4 c4 12. Be3 Bb7 13. f5 d5 14. g5 Ne8 15. Bg4 Qc6 16. exd5 exd5 17. Nxd5 Qxd5 18. Bf3 Qe5 19. Bxb7 Rb8 20. d4 Qc7 21. Bg2 Bd6 22. c3 a5 23. Qd2 b4 24. Kh1 Bg3 25. Bf4 Bxf4 26. Qxf4 Qxf4 27. Rxf4 Nd6 28. Bc6 Nb6 29. Re1 Rbc8 30. d5 Rcd8 31. f6 g6 32. Kg2 Ndc8 33. Rd4 Na7 34. Nf3 Rd6 35. Ne5 Nxc6 36. Nxc6 h6 37. h4 Kh7 38. Red1 Nxd5 39. Rxd5 Rxc6 40. Rxa5 bxc3 41. bxc3 Rc7 42. a4 Rb7 43. Rb5 Ra7 44. a5 Rfa8 45. Ra1 hxg5 46. hxg5 Kg8 47. Kf3 Kf8 48. Ke4 Rd7 49. Rd5 Rc7 50. Kd4 Ke8 51. Rh1 1-0